| 000 | 01158cam a2200385Ii 4500 | ||
|---|---|---|---|
| 999 |
_c110341 _d110341 |
||
| 003 | BJBSDDR | ||
| 005 | 20230411085957.0 | ||
| 007 | ta | ||
| 008 | 790629s1978 sp 000 0 spa d | ||
| 020 | _a8429709169 | ||
| 020 | _a9788429709162 | ||
| 035 | _a(OCoLC)ocm05121085 | ||
| 035 | _a(OCoLC)5121085 | ||
| 040 |
_aPRW _cPRW _bspa |
||
| 041 | 1 |
_aspa _hfre |
|
| 049 | _aGRAL | ||
| 050 | 1 | 4 |
_aHT 153 _bL489d 1978 |
| 082 | 0 | 0 | _a301.361 |
| 100 | 1 |
_aLefebvre, Henri, _d1901-1991 |
|
| 240 | 1 | 0 |
_aDroit à la ville. _lSpanish |
| 245 | 1 | 3 |
_aEl derecho a la ciudad / _cHenri Lefebvre ; prólogo de Mario Gaviria. |
| 250 | _a4a edición | ||
| 260 |
_aBarcelona : _bEdiciones Península, _c1978. |
||
| 300 |
_a169 p. ; _c21 cm. |
||
| 490 | 1 |
_aHistoria, ciencia, sociedad ; _v44 |
|
| 500 | _aTranslation of Le droit à la ville. | ||
| 650 | 0 | _aCities and towns. | |
| 650 | 4 |
_aSociología urbana _99717 |
|
| 650 | 4 |
_aCiudades y pueblos _94591 |
|
| 650 | 4 |
_aUrbanismo _94616 |
|
| 700 | 1 |
_917377 _aGaviria Labarta, Mario, _d1938-2018 _eprologuista |
|
| 830 | 0 |
_aHistoria, ciencia y sociedad ; _v44. _917376 |
|
| 942 |
_2lcc _cBK |
||
| 946 | _aclperez | ||